[Event "2BLW 1718 Aachener SV - Düsseldorfer SK"]
[Site "?"]
[Date "2018.04.15"]
[Round "9.7"]
[White "Miedema, David"]
[Black "Meessen, Rudolf"]
[Result "0-1"]
[WhiteElo "2393"]
[BlackElo "2264"]
[PlyCount "80"]
[EventDate "2018.??.??"]

1. e4 g6 2. d4 Bg7 3. c4 d6 4. Nc3 e5 5. d5 a5 6. h4 Nf6 7. Nge2 Na6 8. Ng3 h5
9. Bg5 Bh6 10. Qd2 Ng4 11. f4 Bxg5 12. fxg5 f6 13. Be2 O-O 14. Bf3 Nc5 {(=)}
15. O-O-O a4 16. Rdf1 Qe7 17. Bd1 fxg5 18. Rxf8+ Kxf8 19. hxg5 Bd7 20. Bc2 Kg8
21. Rf1 Rf8 22. Rf3 Rf7 23. Nf1 Qf8 24. Qe2 Qe7 25. Qd2 Qf8 26. Qe2 Rf4 27. Nd2
Nh2 28. Qf2 Nxf3 29. gxf3 h4 30. Ne2 h3 31. Kd1 Rg4 32. Ke1 Rxg5 33. f4 Rg2 34.
Qh4 exf4 35. Nf3 Bg4 36. Ng5 Rxe2+ 37. Kf1 Bh5 38. Bd1 f3 39. Qxh3 Rg2 40. Nxf3
Rxb2 0-1

[Event "2BLW 1718 Aachener SV - Düsseldorfer SK"]
[Site "?"]
[Date "2018.04.15"]
[Round "9.8"]
[White "Begnis, Nikolaos"]
[Black "de Gleria, Francesco"]
[Result "0-1"]
[WhiteElo "2275"]
[BlackElo "2395"]
[PlyCount "75"]
[EventDate "2018.??.??"]

1. e4 c5 2. Nf3 d6 3. c3 Nf6 4. h3 Nbd7 5. Bd3 g6 6. O-O Bg7 7. Bc2 O-O 8. d4
Qc7 9. Re1 e5 10. a4 b6 11. Na3 a6 12. dxe5 Nxe5 13. Nxe5 dxe5 14. Nc4 Be6 15.
Ne3 c4 16. Qf3 Qc6 17. Ng4 Nd7 18. Qg3 h5 19. Nh6+ Kh7 20. Nf5 Bf6 21. Nh4 Nc5
22. Nf3 Qc7 23. Ng5+ Kh8 24. f4 exf4 25. Bxf4 Qc6 26. Nf3 Rad8 27. Nd4 Rxd4 28.
Be5 Rd2 29. Bxf6+ Kh7 30. Bb1 Bxh3 31. gxh3 Qxf6 32. Rf1 Qe6 33. e5 Rfd8 34. a5
b5 35. Qg5 R8d5 36. Qxh5+ Kg7 37. Qg4 Qxg4+ 38. hxg4 0-1

[Event "2BLW 1718 Klub Kölner Schachfreunde - S"]
[Site "?"]
[Date "2018.04.15"]
[Round "9.1"]
[White "Reinderman, Dimitri"]
[Black "Strohhaeker, Raoul"]
[Result "1-0"]
[WhiteElo "2578"]
[BlackElo "2442"]
[PlyCount "152"]
[EventDate "2018.??.??"]

1. c4 c6 2. Nf3 d5 3. e3 Nf6 4. Nc3 g6 5. b3 Bg7 6. Bb2 O-O 7. Be2 a5 8. O-O
Na6 9. Rc1 Re8 10. cxd5 Nxd5 11. d4 Nab4 12. Nxd5 cxd5 13. a3 Nc6 14. Bb5 Qb6
15. a4 Bg4 16. Ba3 e6 17. Bc5 Qc7 18. h3 Bxf3 19. Qxf3 Rec8 20. e4 Qd8 21. exd5
exd5 22. Qf4 b6 23. Bxc6 Rxc6 24. Be7 Qd7 25. Rxc6 Qxc6 26. Rc1 Qe6 27. Rc7 Re8
28. Ba3 Qf6 29. Qxf6 Bxf6 30. Kf1 Bxd4 31. g3 Kg7 32. Rd7 Bc3 33. Rxd5 Re1+ 34.
Kg2 Rb1 35. Rd3 Ba1 36. Bd6 Rc1 37. Bf4 Rc6 38. Be3 Be5 39. Rd5 Kf6 40. Rb5 Bc7
41. g4 Ke6 42. Kf3 f5 43. gxf5+ gxf5 44. Ke2 Bd8 45. Bd4 Be7 46. Ke3 Bd8 47.
Re5+ Kd7 48. Rxf5 Rh6 49. Rf3 Kc6 50. Ke2 Rh5 51. Rc3+ Kd6 52. f4 Kd5 53. Be5
Be7 54. Kf2 Rh6 55. Kg3 Ke4 56. Rc4+ Kf5 57. Rc7 Bh4+ 58. Kf3 Be1 59. Rf7+ Ke6
60. Rg7 Kd5 61. Kg4 Rh4+ 62. Kg5 Rxh3 63. Rd7+ Kc6 64. Rd6+ Kc5 65. Rd1 Bf2 66.
f5 Kb4 67. Bd4 Bxd4 68. Rxd4+ Kc5 69. Rf4 Rxb3 70. f6 Rg3+ 71. Kh6 Rg8 72. Kxh7
Ra8 73. f7 b5 74. Rf5+ Kb4 75. axb5 a4 76. b6 a3 1-0

[Event "2BLW 1718 Klub Kölner Schachfreunde - S"]
[Site "?"]
[Date "2018.04.15"]
[Round "9.2"]
[White "Morawietz, Dieter"]
[Black "Van Den Doel, Erik"]
[Result "0-1"]
[WhiteElo "2412"]
[BlackElo "2595"]
[PlyCount "100"]
[EventDate "2018.??.??"]

1. e4 e6 2. d4 d5 3. e5 c5 4. c3 Nc6 5. Nf3 Qb6 6. a3 Nh6 7. b4 cxd4 8. b5 Na5
9. Bxh6 gxh6 10. cxd4 Bd7 11. Nbd2 Rc8 12. a4 Bb4 13. Bd3 Bc3 14. Rc1 Kd8 15.
O-O Bxd4 16. Nb1 Bc5 17. Rc3 Bf8 18. Qd2 Rxc3 19. Nxc3 Nb3 20. Qf4 Ke8 21. h3
Qa5 22. Ne2 Qb4 23. Qf6 Rg8 24. Bxh7 Bg7 25. Qf4 Qxf4 26. Nxf4 Rf8 27. Rb1 Na5
28. Rc1 Ke7 29. Bd3 Rc8 30. Rxc8 Bxc8 31. g4 Bd7 32. h4 Nb3 33. g5 Nc5 34. Bc2
hxg5 35. hxg5 a6 36. Nd3 Nxd3 37. Bxd3 axb5 38. axb5 Kd8 39. Kg2 Kc7 40. Kg3
Kb6 41. Kf4 Bxb5 42. Bxb5 Kxb5 43. g6 Bh6+ 44. Kg4 fxg6 45. Nd4+ Kc4 46. Nxe6
d4 47. f4 b5 48. Ng5 b4 49. Ne4 b3 50. Kf3 b2 0-1

[Event "2BLW 1718 Klub Kölner Schachfreunde - S"]
[Site "?"]
[Date "2018.04.15"]
[Round "9.3"]
[White "Lutz, Christopher"]
[Black "Helbig, Mark"]
[Result "1/2-1/2"]
[WhiteElo "2535"]
[BlackElo "2347"]
[PlyCount "59"]
[EventDate "2018.??.??"]

1. e4 c6 2. d4 d5 3. Nc3 dxe4 4. Nxe4 Bf5 5. Ng3 Bg6 6. h4 h6 7. Nf3 Nd7 8. h5
Bh7 9. Bd3 Bxd3 10. Qxd3 e6 11. Bf4 Qa5+ 12. Bd2 Bb4 13. c3 Be7 14. c4 Qc7 15.
O-O-O Ngf6 16. Kb1 b5 17. c5 a5 18. Rde1 O-O 19. Qe2 a4 20. Nh4 Rfe8 21. f4 a3
22. b3 Nd5 23. Ne4 f5 24. Ng5 Bxg5 25. fxg5 hxg5 26. Nf3 g4 27. Ng5 Nf8 28. Qf2
Rad8 29. h6 g6 30. h7+ 1/2-1/2

[Event "2BLW 1718 Klub Kölner Schachfreunde - S"]
[Site "?"]
[Date "2018.04.15"]
[Round "9.4"]
[White "Bayer, Ernst-Wolfgang"]
[Black "Rotstein, Arkadij"]
[Result "0-1"]
[WhiteElo "2254"]
[BlackElo "2505"]
[PlyCount "76"]
[EventDate "2018.??.??"]

1. Nf3 c5 2. b3 Nc6 3. Bb2 d6 4. e3 e5 5. d4 cxd4 6. exd4 e4 7. Nfd2 d5 8. c4
Nf6 9. cxd5 Qxd5 10. Nc3 Qxd4 11. Nc4 Bg4 12. Be2 Bb4 13. O-O Bxc3 14. Bxc3
Qxc3 15. Bxg4 Rd8 16. Qe1 Qxe1 17. Rfxe1 Nd4 18. Rac1 O-O 19. Be2 Nd5 20. Bf1
Rfe8 21. Ne3 Nb4 22. Rc4 a5 23. Rc7 b5 24. a3 Nd3 25. Rb1 Kf8 26. Nc2 Nxc2 27.
Rxc2 Rc8 28. Rd2 Rc3 29. g3 f5 30. Bh3 g6 31. Bf1 Ke7 32. Be2 Rec8 33. h4 Rc1+
34. Rxc1 Rxc1+ 35. Kg2 Rc3 36. Bd1 Kf6 37. Kf1 Ke5 38. Ke2 Nc1+ 0-1

[Event "2BLW 1718 Klub Kölner Schachfreunde - S"]
[Site "?"]
[Date "2018.04.15"]
[Round "9.5"]
[White "Xu, Xianliang"]
[Black "Ludwig, Peter"]
[Result "1-0"]
[WhiteElo "2420"]
[BlackElo "2182"]
[PlyCount "89"]
[EventDate "2018.??.??"]

1. e4 e6 2. Nf3 d5 3. Nc3 d4 4. Ne2 c5 5. c3 Nc6 6. cxd4 cxd4 7. Qa4 Bc5 8. b4
Bxb4 9. Nexd4 Qa5 10. Qxa5 Nxa5 11. Rb1 Be7 12. Nb5 Kd8 13. Ne5 Nh6 14. d4 Rf8
15. Bd2 Nc6 16. Bf4 a6 17. Nxc6+ bxc6 18. Nd6 g5 19. Bg3 f5 20. f3 Bd7 21. Nb7+
Kc8 22. Bc4 f4 23. Bf2 a5 24. Nc5 Bxc5 25. dxc5 e5 26. Ke2 Re8 27. Rb6 Kc7 28.
Rhb1 Ra7 29. Be1 Bc8 30. Bc3 Re7 31. Rd1 Bb7 32. Rd6 Nf7 33. Bxf7 Rxf7 34. Bxe5
Kc8 35. Bf6 h6 36. Bc3 Ba6+ 37. Kf2 Bb5 38. Rxh6 Rf8 39. Be5 Rb7 40. a4 Bxa4
41. Ra6 Rff7 42. Rxa5 Bb5 43. Ra8+ Kd7 44. Bf6 Bc4 45. Ra4 1-0

[Event "2BLW 1718 Klub Kölner Schachfreunde - S"]
[Site "?"]
[Date "2018.04.15"]
[Round "9.6"]
[White "Bonnmann, Reinhard"]
[Black "Malykin, Vitaly"]
[Result "1/2-1/2"]
[WhiteElo "2245"]
[BlackElo "2365"]
[PlyCount "42"]
[EventDate "2018.??.??"]

1. d4 d5 2. Nf3 Nf6 3. g3 b5 4. Bg2 e6 5. O-O Nbd7 6. Nbd2 Bb7 7. a4 a6 8. Nb3
c5 9. Bd2 b4 10. dxc5 Nxc5 11. Bxb4 Nxb3 12. Bxf8 Nxa1 13. Bxg7 Rg8 14. Bxf6
Qxf6 15. Qxa1 Rc8 16. c3 Rc4 17. Qd1 h5 18. Qb3 Qe7 19. Qc2 Qf6 20. Qb3 Qe7 21.
Qc2 Qf6 1/2-1/2

[Event "2BLW 1718 Klub Kölner Schachfreunde - S"]
[Site "?"]
[Date "2018.04.15"]
[Round "9.7"]
[White "Pauly, Carlo"]
[Black "Wisskirchen, Andreas"]
[Result "1-0"]
[WhiteElo "2300"]
[BlackElo "2217"]
[PlyCount "33"]
[EventDate "2018.??.??"]

1. d4 Nf6 2. c4 g6 3. Nc3 Bg7 4. e4 d6 5. Nge2 O-O 6. Ng3 e5 7. d5 c6 8. Be2 a6
9. h4 cxd5 10. cxd5 h5 11. Bg5 Nbd7 12. Qd2 Kh7 13. Nf1 Nc5 14. f3 Qa5 15. Ne3
Nb3 16. Nc4 Nxd2 17. Nxa5 1-0

[Event "2BLW 1718 Klub Kölner Schachfreunde - S"]
[Site "?"]
[Date "2018.04.15"]
[Round "9.8"]
[White "Graf, Peter"]
[Black "Wagenknecht, Uwe"]
[Result "1/2-1/2"]
[WhiteElo "1850"]
[BlackElo "2216"]
[PlyCount "63"]
[EventDate "2018.??.??"]

1. e4 c5 2. Be2 Nc6 3. d3 g6 4. f4 Bg7 5. Nf3 e6 6. O-O Nge7 7. c3 O-O 8. Qe1
d6 9. Na3 f5 10. Bd1 h6 11. Be3 b6 12. Bc2 Ba6 13. Rf2 Qd7 14. Rd1 e5 15. fxe5
dxe5 16. d4 exd4 17. cxd4 cxd4 18. Rfd2 d3 19. Bxd3 Bxd3 20. Rxd3 Qe6 21. exf5
Nxf5 22. Bc1 Qxe1+ 23. Rxe1 Nb4 24. Rd7 Rf7 25. Rxf7 Kxf7 26. g4 Nd4 27. Nxd4
Bxd4+ 28. Kg2 Re8 29. Rxe8 Kxe8 30. Nb5 Bg7 31. Nxa7 Nxa2 32. Be3 1/2-1/2

[Event "2BLW 1718 SG Solingen - SV Koblenz"]
[Site "?"]
[Date "2018.04.15"]
[Round "9.1"]
[White "Sulskis, Sarunas"]
[Black "Wegerle, Joerg"]
[Result "1/2-1/2"]
[WhiteElo "2520"]
[BlackElo "2421"]
[PlyCount "138"]
[EventDate "2018.??.??"]

1. e4 e5 2. Nf3 Nf6 3. Nxe5 d6 4. Nf3 Nxe4 5. d4 d5 6. Bd3 Bf5 7. O-O Be7 8.
Re1 O-O 9. Bf4 Bd6 10. Bg3 Nc6 11. Nc3 Bxg3 12. hxg3 Re8 13. Bxe4 dxe4 14. d5
exf3 15. dxc6 Rxe1+ 16. Qxe1 bxc6 17. gxf3 Bxc2 18. Rc1 Bg6 19. Qe3 Qf6 20. f4
h5 21. Qe5 Qxe5 22. fxe5 Rd8 23. Rd1 Rxd1+ 24. Nxd1 Be4 25. f4 Kh7 26. Ne3 g5
27. fxg5 Kg6 28. Kf2 Kxg5 29. b4 Bd5 30. a3 Be6 31. Ke2 f6 32. exf6 Kxf6 33.
Nc2 Ke5 34. Ke3 Bf7 35. Nd4 Kd5 36. Nb3 Kc4 37. Nd2+ Kc3 38. Ne4+ Kb3 39. Kd4
Kxa3 40. Kc5 Ka4 41. Ng5 Bd5 42. Nh7 Kb3 43. Nf6 Bf7 44. Ne4 Bg6 45. Nf6 Kc3
46. Nd7 Be4 47. Nf6 Bf3 48. Ne8 Kd3 49. Nxc7 Ke3 50. Ne6 Kf2 51. Ng7 Kxg3 52.
b5 cxb5 53. Kxb5 Be2+ 54. Kb4 h4 55. Nf5+ Kg4 56. Nxh4 Kxh4 57. Kb3 Kg3 58. Kc2
Kf3 59. Kc1 Ke3 60. Kc2 Kd4 61. Kb3 Kc5 62. Kc3 Bc4 63. Kc2 Kb4 64. Kb1 Kb3 65.
Ka1 a5 66. Kb1 a4 67. Ka1 a3 68. Kb1 a2+ 69. Ka1 Ka3 1/2-1/2

[Event "2BLW 1718 SG Solingen - SV Koblenz"]
[Site "?"]
[Date "2018.04.15"]
[Round "9.2"]
[White "Schaefer, Markus"]
[Black "Balog, Imre"]
[Result "0-1"]
[WhiteElo "2386"]
[BlackElo "2547"]
[PlyCount "140"]
[EventDate "2018.??.??"]

1. e4 e6 2. d4 d5 3. Nd2 Nf6 4. e5 Nfd7 5. Bd3 c5 6. c3 b6 7. Ne2 Ba6 8. Bxa6
Nxa6 9. O-O Nc7 10. Nf4 g6 11. Re1 c4 12. a4 Nb8 13. b3 cxb3 14. Nxb3 Nc6 15.
Qg4 Qd7 16. h4 h5 17. Qf3 Rc8 18. Nh3 Ne7 19. Bg5 Nf5 20. Rec1 Be7 21. g3 O-O
22. Qd3 Ne8 23. Nd2 f6 24. exf6 Bd6 25. c4 Nxf6 26. Bxf6 Rxf6 27. cxd5 exd5 28.
Qb3 Rxc1+ 29. Rxc1 Kg7 30. Kg2 Qe8 31. Qxd5 Nxg3 32. Ne4 Nf5 33. Nxd6 Rxd6 34.
Rc7+ Kh6 35. Qb7 Qh8 36. Kf1 Nxh4 37. Rd7 Rxd4 38. Qc7 Nf3 39. Kg2 Rxd7 40.
Qxd7 Nh4+ 41. Kg3 Nf5+ 42. Kg2 Qd4 43. Qc8 Qd5+ 44. Kg1 Qd1+ 45. Kg2 Nh4+ 46.
Kg3 Qf3+ 47. Kxh4 g5+ 48. Nxg5 Qxf2+ 49. Kh3 Qe3+ 50. Kh2 Qe5+ 51. Kh3 Kxg5 52.
Qg8+ Kf4 53. Qg3+ Ke4 54. Qe1+ Kd5 55. Qd1+ Kc4 56. Qf1+ Kb4 57. Qb1+ Ka3 58.
Qd3+ Kb4 59. Qb1+ Ka5 60. Qh7 a6 61. Qh6 Qd5 62. Kh2 Qa2+ 63. Kh1 Qb1+ 64. Kh2
Qb2+ 65. Kh1 Kxa4 66. Qxh5 Qc1+ 67. Kg2 Qc2+ 68. Kh1 b5 69. Qe5 b4 70. Qa1+ Kb3
0-1

[Event "2BLW 1718 SG Solingen - SV Koblenz"]
[Site "?"]
[Date "2018.04.15"]
[Round "9.3"]
[White "Seul, Georg"]
[Black "Schlecht, Daniel"]
[Result "1/2-1/2"]
[WhiteElo "2402"]
[BlackElo "2380"]
[PlyCount "36"]
[EventDate "2018.??.??"]

1. e4 c6 2. d4 d5 3. exd5 cxd5 4. Bd3 Nc6 5. c3 Qc7 6. Ne2 Bg4 7. O-O Nf6 8.
Qe1 e6 9. f3 Bh5 10. Qh4 h6 11. Qh3 e5 12. Re1 Be7 13. Kh1 O-O 14. Ng3 Bg6 15.
Bxg6 fxg6 16. Qe6+ Kh7 17. dxe5 Nxe5 18. Qxe5 Bd6 {(=)} 1/2-1/2

[Event "2BLW 1718 SG Solingen - SV Koblenz"]
[Site "?"]
[Date "2018.04.15"]
[Round "9.4"]
[White "Hobusch, Jan"]
[Black "Fritsche, Lutz"]
[Result "1/2-1/2"]
[WhiteElo "2178"]
[BlackElo "2315"]
[PlyCount "93"]
[EventDate "2018.??.??"]

1. d4 g6 2. Bf4 Bg7 3. e3 c5 4. c3 d5 5. Nf3 Nc6 6. Nbd2 Nf6 7. h3 O-O 8. Be2
Nd7 9. O-O e5 10. dxe5 Ndxe5 11. Nxe5 Nxe5 12. Nf3 Nc6 13. Qb3 c4 14. Qa3 Qb6
15. Rac1 Re8 16. b3 Bf8 17. Qb2 a5 18. Rc2 cxb3 19. axb3 Bg7 20. Nd4 Nxd4 21.
cxd4 Bf5 22. Rd2 Rec8 23. Bd3 Bxd3 24. Rxd3 Bf8 25. Qa2 Qb4 26. Rdd1 Rc3 27.
Rb1 Rac8 28. Rb2 b5 29. Kh2 Qa3 30. Qb1 Be7 31. Ra2 Qb4 32. Rb2 h5 33. g4 hxg4
34. hxg4 Bd6 35. Bxd6 Qxd6+ 36. Kg2 Kg7 37. Rh1 Qe6 38. Kg3 R8c6 39. Qf1 Qd6+
40. Kf3 Qf6+ 41. Kg2 Rc2 42. Rxc2 Rxc2 43. Kg3 Rb2 44. Rh2 Qd6+ 45. Kg2 Qf6 46.
Kg3 Qd6+ 47. Kg2 1/2-1/2

[Event "2BLW 1718 SG Solingen - SV Koblenz"]
[Site "?"]
[Date "2018.04.15"]
[Round "9.5"]
[White "Hammes, Michael"]
[Black "Berg, Michael"]
[Result "1/2-1/2"]
[WhiteElo "2331"]
[BlackElo "2331"]
[PlyCount "83"]
[EventDate "2018.??.??"]

1. d4 Nf6 2. c4 c5 3. d5 b5 4. cxb5 a6 5. e3 axb5 6. Bxb5 Bb7 7. Nc3 Qb6 8. Nf3
e6 9. dxe6 fxe6 10. O-O Be7 11. b3 Nd5 12. Nxd5 Bxd5 13. a4 Bf6 14. Rb1 Be4 15.
Bd3 Qb7 16. Bxe4 Qxe4 17. Ba3 Na6 18. Qd6 Be7 19. Qe5 Qxe5 20. Nxe5 Bf6 21. Nc4
d5 22. Nd6+ Kd7 23. Nb5 Rhc8 24. Rfc1 Be7 25. Kf1 Rc6 26. Ke2 Nc7 27. Nxc7 Rxc7
28. Bb2 Bf6 29. Bxf6 gxf6 30. Kd3 Kd6 31. Ra1 Rb7 32. Ra3 Rb4 33. Kc3 e5 34. f3
f5 35. Rd1 d4+ 36. exd4 exd4+ 37. Kc2 Kd5 38. a5 Ra6 39. Re1 Rb5 40. Rea1 Rb7
41. Re1 Rb5 42. Rea1 1/2-1/2

[Event "2BLW 1718 SG Solingen - SV Koblenz"]
[Site "?"]
[Date "2018.04.15"]
[Round "9.6"]
[White "Gupta, Milon"]
[Black "Doncevic, Dario"]
[Result "1/2-1/2"]
[WhiteElo "2208"]
[BlackElo "2263"]
[PlyCount "44"]
[EventDate "2018.??.??"]

1. Nf3 g6 2. g3 Bg7 3. d4 Nf6 4. Bg2 d5 5. O-O O-O 6. c4 dxc4 7. Na3 Nc6 8.
Nxc4 Be6 9. b3 Bd5 10. Bb2 a5 11. e3 a4 12. Nce5 Ra6 13. Nxc6 bxc6 14. bxa4 Qa8
15. Ba3 Re8 16. Bb4 Rxa4 17. a3 Nd7 18. Rc1 e5 19. dxe5 Nxe5 20. Nxe5 Bxg2 21.
Kxg2 c5+ 22. Nf3 cxb4 1/2-1/2

[Event "2BLW 1718 SG Solingen - SV Koblenz"]
[Site "?"]
[Date "2018.04.15"]
[Round "9.7"]
[White "Stewart, Neil"]
[Black "Michalczak, Thomas"]
[Result "1-0"]
[WhiteElo "2209"]
[BlackElo "2312"]
[PlyCount "85"]
[EventDate "2018.??.??"]

1. Nf3 Nf6 2. c4 g6 3. Nc3 Bg7 4. e4 d6 5. d4 O-O 6. Be2 a5 7. O-O Na6 8. Re1
e5 9. Bf1 Qe8 10. h3 Nd7 11. b3 Nb4 12. Bb2 exd4 13. Nb5 Qd8 14. Bxd4 Ne5 15.
Nxe5 Bxe5 16. Bxe5 dxe5 17. Qxd8 Rxd8 18. Nxc7 Ra7 19. Rad1 Rd7 20. Nd5 Kg7 21.
Nxb4 axb4 22. Rxd7 Bxd7 23. Re2 f5 24. exf5 Bxf5 25. g4 Bb1 26. Rxe5 Bxa2 27.
Rb5 Bxb3 28. Rxb4 Ba4 29. Bg2 Bc6 30. Bxc6 bxc6 31. Rb6 Rc7 32. Rb8 Kf7 33. Rd8
Ke7 34. Rd4 Ra7 35. Kg2 Ke6 36. c5 Ke5 37. Rd6 Rc7 38. Kf3 g5 39. Ke3 Re7 40.
f3 Rc7 41. h4 h6 42. hxg5 hxg5 43. Rg6 1-0

[Event "2BLW 1718 SG Solingen - SV Koblenz"]
[Site "?"]
[Date "2018.04.15"]
[Round "9.8"]
[White "Wickenfeld, Stefan"]
[Black "Bohn, Thomas"]
[Result "0-1"]
[WhiteElo "2203"]
[BlackElo "2327"]
[PlyCount "88"]
[EventDate "2018.??.??"]

1. d4 e6 2. Nf3 f5 3. d5 Nf6 4. dxe6 dxe6 5. Qxd8+ Kxd8 6. Ne5 Ke8 7. Nd2 Nbd7
8. Ndf3 Bd6 9. Bf4 Ng4 10. Nd3 e5 11. h3 Nxf2 12. Kxf2 exf4 13. Nd4 Nf6 14. Nb5
Nh5 15. Nxd6+ cxd6 16. h4 Be6 17. b3 Kf7 18. c4 h6 19. Rd1 g5 20. Ne1 Nf6 21.
Rh3 Ng4+ 22. Kg1 Ne3 23. Rxd6 g4 24. Rxe3 fxe3 25. Rd3 Rad8 26. Rxe3 Rd2 27. a4
Re8 28. Rc3 Bd7 29. Nd3 Re3 30. Kf2 f4 31. Ke1 Ra2 32. Rc1 f3 33. gxf3 gxf3 34.
Nb4 Rexe2+ 35. Bxe2 Rxe2+ 36. Kd1 Bg4 37. Nd3 f2 38. Nxf2 Rxf2+ 39. Ke1 Rh2 40.
Rc3 Rxh4 41. c5 Rh3 42. Rc4 Bd7 43. Rf4+ Ke7 44. Re4+ Kd8 0-1

[Event "2BLW 1718 DJK Aachen - TSV Schott Mainz"]
[Site "?"]
[Date "2018.04.15"]
[Round "9.1"]
[White "Lobron, Eric"]
[Black "Van Dooren, Dirk"]
[Result "1-0"]
[WhiteElo "2503"]
[BlackElo "2328"]
[PlyCount "86"]
[EventDate "2018.??.??"]

1. Nf3 c5 2. e3 Nf6 3. c4 e6 4. d4 cxd4 5. exd4 b6 6. a3 Bb7 7. Bd3 Be7 8. Nc3
O-O 9. d5 Na6 10. Bf4 d6 11. dxe6 fxe6 12. Bg3 Nc5 13. Bc2 Bxf3 14. Qxf3 Nfe4
15. Qe3 Nxc3 16. Qxc3 Bf6 17. Qb4 Bd4 18. O-O Qf6 19. Rab1 Rad8 20. Qd2 e5 21.
b4 Ne6 22. Rb3 Nf4 23. Bxf4 Qxf4 24. Qe2 Rf6 25. Rf3 Qg4 26. Bxh7+ Kxh7 27.
Rh3+ Qxh3 28. gxh3 Rdf8 29. Qe4+ Rg6+ 30. Kh1 Rf4 31. Qd3 Bxf2 32. Qc2 Be3 33.
Rxf4 exf4 34. h4 Kh6 35. h3 b5 36. c5 dxc5 37. bxc5 Rc6 38. h5 Bxc5 39. Kg2 f3+
40. Kf1 f2 41. Qd2+ Kh7 42. Qd5 Rc7 43. Qd3+ g6 1-0

[Event "2BLW 1718 DJK Aachen - TSV Schott Mainz"]
[Site "?"]
[Date "2018.04.15"]
[Round "9.2"]
[White "Buscher, Michael"]
[Black "Dann, Matthias"]
[Result "0-1"]
[WhiteElo "2392"]
[BlackElo "2525"]
[PlyCount "108"]
[EventDate "2018.??.??"]

1. e4 c5 2. Nf3 d6 3. c3 Nf6 4. h3 g6 5. Bd3 Bg7 6. O-O e5 7. Bc2 O-O 8. d4 Qc7
9. Be3 b6 10. Re1 Nc6 11. a3 c4 12. Nbd2 Na5 13. Nf1 Bb7 14. Ng3 Rfe8 15. d5
Nd7 16. Nd2 Nc5 17. Rc1 b5 18. Qe2 Re7 19. Ra1 Na4 20. Reb1 Bc8 21. f4 exf4 22.
Bxf4 Bd7 23. Qe3 Rf8 24. Ndf1 Nb3 25. Bxb3 cxb3 26. Nd2 Nc5 27. Rf1 a5 28. Rae1
a4 29. Ne2 f5 30. Nd4 Rfe8 31. Qg3 Nxe4 32. Nxe4 Rxe4 33. Rxe4 Rxe4 34. Bxd6
Qc4 35. Nf3 Qxd5 36. Bb4 f4 37. Qh4 h6 38. Qd8+ Re8 39. Qc7 g5 40. Rf2 Qc6 41.
Qa7 Ra8 42. Qc5 Qxc5 43. Bxc5 Bc6 44. Rd2 Rc8 45. Bb4 Kf7 46. Kf2 Bf6 47. Rd6
Bxf3 48. Kxf3 Re8 49. Kf2 h5 50. Rd5 Re5 51. Rd4 Ke6 52. Ba5 Rd5 53. Rb4 Kf5
54. Bc7 Be7 0-1

[Event "2BLW 1718 DJK Aachen - TSV Schott Mainz"]
[Site "?"]
[Date "2018.04.15"]
[Round "9.3"]
[White "Cicak, Slavko"]
[Black "Roeder, Matthias"]
[Result "1/2-1/2"]
[WhiteElo "2497"]
[BlackElo "2371"]
[PlyCount "42"]
[EventDate "2018.??.??"]

1. e4 c5 2. Nf3 d6 3. Bc4 Nf6 4. c3 a6 5. d3 Nc6 6. Bb3 Bg4 7. h3 Bh5 8. Bg5 e6
9. g4 Bg6 10. Nh4 Be7 11. f4 d5 12. f5 c4 13. fxg6 cxb3 14. gxf7+ Kf8 15. Bxf6
Bxf6 16. Nf3 dxe4 17. dxe4 Qxd1+ 18. Kxd1 bxa2 19. Nbd2 Kxf7 20. Rf1 Ke7 21.
Rxa2 Rhf8 {(=)} 1/2-1/2

[Event "2BLW 1718 DJK Aachen - TSV Schott Mainz"]
[Site "?"]
[Date "2018.04.15"]
[Round "9.4"]
[White "Lenaerts, Lennert"]
[Black "Krivonosov, Oleg"]
[Result "1/2-1/2"]
[WhiteElo "2318"]
[BlackElo "2413"]
[PlyCount "32"]
[EventDate "2018.??.??"]

1. d4 d5 2. c4 e6 3. Nc3 Be7 4. cxd5 exd5 5. Bf4 Nf6 6. e3 O-O 7. Bd3 c5 8.
dxc5 Bxc5 9. Nge2 Nc6 10. O-O d4 11. exd4 Nxd4 12. Nxd4 Qxd4 13. Be3 Qe5 14.
Bxc5 Qxc5 15. Ne4 Nxe4 16. Bxe4 Be6 {(=)} 1/2-1/2

[Event "2BLW 1718 DJK Aachen - TSV Schott Mainz"]
[Site "?"]
[Date "2018.04.15"]
[Round "9.5"]
[White "Balcerak, Jakob"]
[Black "Marcziter, Dmitrii"]
[Result "1-0"]
[WhiteElo "2474"]
[BlackElo "2270"]
[PlyCount "67"]
[EventDate "2018.??.??"]

1. e4 c5 2. Nf3 a6 3. c3 d5 4. exd5 Qxd5 5. d4 Nf6 6. Be2 Bg4 7. O-O e6 8. h3
Bh5 9. Be3 cxd4 10. cxd4 Nc6 11. Nc3 Qd6 12. g4 Bg6 13. Ne5 Be7 14. Bf3 O-O 15.
Bf4 Nd5 16. Nxd5 exd5 17. Rc1 Nxe5 18. Bxe5 Qd8 19. Qb3 Be4 20. Bxe4 dxe4 21.
Qxb7 Bg5 22. Rc7 e3 23. fxe3 Bxe3+ 24. Kh1 Rb8 25. Qf3 f6 26. Bg3 Re8 27. d5
Rxb2 28. d6 Rd2 29. Qb7 Bh6 30. g5 fxg5 31. d7 Rf8 32. Qb3+ Kh8 33. Rxf8+ Qxf8
34. Rc8 1-0

[Event "2BLW 1718 DJK Aachen - TSV Schott Mainz"]
[Site "?"]
[Date "2018.04.15"]
[Round "9.6"]
[White "van Dael, Siem"]
[Black "Bewersdorff, Oliver"]
[Result "1/2-1/2"]
[WhiteElo "2268"]
[BlackElo "2294"]
[PlyCount "61"]
[EventDate "2018.??.??"]

1. e4 e5 2. Nf3 Nc6 3. Bc4 Bc5 4. c3 Nf6 5. d3 a6 6. O-O Ba7 7. a4 O-O 8. Bg5
d6 9. Na3 Ne7 10. Bb3 Kh8 11. Bxf6 gxf6 12. Nh4 Be6 13. Bxe6 fxe6 14. Kh1 Qd7
15. Qh5 Qxa4 16. f4 Qe8 17. Qg4 Ng6 18. f5 Nxh4 19. Qxh4 exf5 20. Rxf5 Qg6 21.
Raf1 Be3 22. Nc2 Bg5 23. Qf2 Rf7 24. Ne1 Rg8 25. g3 Rd7 26. h4 Bh6 27. Rxf6 Qg4
28. Kh2 Bg7 29. Rf5 Bh6 30. Rf6 Bg7 31. Rf5 {(=)} 1/2-1/2

[Event "2BLW 1718 DJK Aachen - TSV Schott Mainz"]
[Site "?"]
[Date "2018.04.15"]
[Round "9.7"]
[White "Lisanti, Andre"]
[Black "Juegel, Marcel"]
[Result "0-1"]
[WhiteElo "2228"]
[BlackElo "2157"]
[PlyCount "102"]
[EventDate "2018.??.??"]

1. d4 e6 2. c4 b6 3. Nc3 Bb7 4. e4 Bb4 5. Bd3 f5 6. Qh5+ g6 7. Qe2 Nf6 8. Bg5
fxe4 9. Bxe4 Nxe4 10. Bxd8 Nxc3 11. bxc3 Bxc3+ 12. Kf1 Bxa1 13. Qd1 Kxd8 14.
Qxa1 Ba6 15. Qc1 d5 16. Nf3 Nc6 17. h4 Bxc4+ 18. Kg1 Kd7 19. Qh6 Rag8 20. a3 b5
21. Kh2 a5 22. Ng5 Nd8 23. Rc1 Kc8 24. Nf3 Nf7 25. Qd2 a4 26. Qf4 Rf8 27. Re1
Nd8 28. Qh6 Nf7 29. Qe3 Re8 30. Kg1 Rhf8 31. Qc3 Nd6 32. Ne5 Nf7 33. Ng4 h5 34.
Nf6 Re7 35. Qa5 Kb7 36. Nh7 Rfe8 37. Qb4 Nd6 38. Ng5 e5 39. dxe5 Rxe5 40. Rxe5
Rxe5 41. Qc3 Re2 42. g3 Ne4 43. Nxe4 Rxe4 44. f3 Re6 45. Qd4 {(=)} b4 46. axb4
a3 47. b5 a2 48. Kg2 Re2+ 49. Kh3 Re1 50. Qc5 a1=Q 51. Qc6+ Kb8 0-1

[Event "2BLW 1718 DJK Aachen - TSV Schott Mainz"]
[Site "?"]
[Date "2018.04.15"]
[Round "9.8"]
[White "Tochtenhagen, Wolfgang"]
[Black "Kienast, Joerg"]
[Result "1/2-1/2"]
[WhiteElo "2098"]
[BlackElo "2212"]
[PlyCount "70"]
[EventDate "2018.??.??"]

1. e4 e5 2. Nf3 Nc6 3. Bb5 a6 4. Ba4 Nf6 5. O-O Be7 6. Re1 b5 7. Bb3 O-O 8. c3
d5 9. d4 Nxe4 10. dxe5 Be6 11. Nbd2 Nc5 12. Bc2 d4 13. cxd4 Nxd4 14. Nxd4 Qxd4
15. Nf3 Qxd1 16. Rxd1 Rad8 17. Bg5 Bxg5 18. Nxg5 h6 19. Nxe6 Nxe6 20. a4 c5 21.
axb5 axb5 22. g3 Nd4 23. Be4 Rfe8 24. f4 f6 25. Bg6 Re6 26. Ra7 Rb6 27. Kg2 Rf8
28. exf6 Rbxf6 29. Be4 Re8 30. Bf3 Rd6 31. Kf2 Kf8 32. Bh5 g6 33. Bf3 Re7 34.
Rxe7 Kxe7 35. Re1+ Kf6 1/2-1/2